| 000 | 00743nam a22002057a 4500 | ||
|---|---|---|---|
| 999 |
_c18595 _d18595 |
||
| 003 | AR-CdUCM | ||
| 008 | 190312b ||||| |||| 00| 0 spa d | ||
| 040 |
_aMUNICIPALIDAD PROVINCIAL DEL CUSCO _cBIBLIOTECA MUNICIPAL DEL CUSCO |
||
| 082 |
_a918.008 / _bD72 |
||
| 245 |
_aDocumental del Perú : _bDepartamento de Cajamarca / |
||
| 260 |
_aLima : _bIoppe, _c1967. |
||
| 300 |
_a158 páginas ; _bIlustraciones, _c22 cm. |
||
| 440 |
_aLa colección documental del Perú ; _939275 |
||
| 505 | _aContenido: Turismo -- Folklore -- Historia -- Cultura e Instituciones -- Producción y desarrollo... | ||
| 650 |
_aTurismo _94560 |
||
| 650 |
_aHistoria _9246 |
||
| 650 |
_aGuía Turística _916725 |
||
| 942 |
_2ddc _cLIBROS |
||
| 945 |
_aacv _d2019-05-14 |
||